Attractions de Disneyland Paris par les trains - Statistiques

Statistiques générales
  • Ce quiz a été pris 121 fois
  • Le résultat moyen est 17 sur 26
Statistiques - réponses
Par images Réponse % Correct
Dumbo The Flying Elephant
89%
Indiana Jones et le Temple du Péril
85%
Crush's Coaster
78%
Phantom Manor
78%
Ratatouille : L'aventure Totalement Toquée De Rémi
78%
RC Racer
78%
Avengers Assemble : Flight Force
77%
It's a Small World
77%
Star Wars Hyperspace Mountain
77%
Star Tours : L'aventure Continue
76%
Big Thunder Mountain
75%
Slinky Dog Zizag Spin
73%
Pirates Of The Caribbean
70%
Buzz Lightyear Laser Blast
68%
Spider-Man W.E.B Adventure
67%
Le Carrousel De Lancelot
63%
Peter Pan's Flight
62%
The Twilight Zone Tower Of Terror
62%
Cars Road Trip
58%
Le Pays Des Contes de Fées
58%
Les Tapis Volants - Flying Carpets Over Agrabah
57%
Blanche-Neige et les Sept Nains
49%
Mad Hatter's Tea Cups
46%
Toy Soldiers Parachute Drop
44%
Cars Quatre Roues Rallye
43%
Les Voyages de Pinocchio
37%
Aucun quiz correspondant
Distribution des résultats
% des personnes avec chaque résultat
Percentile par nombre de réponses
Votre historique - résultats
Vous n’avez pas pris ce quiz